Normal view MARC view
  • Supervised by Dr.M. Nauman Jafri

Entry Personal Name

Number of records used in: 1

001 - CONTROL NUMBER

  • control field: 131819

003 - CONTROL NUMBER IDENTIFIER

  • control field: NUST

005 - DATE AND TIME OF LATEST TRANSACTION

  • control field: 20251111185246.0

008 - FIXED-LENGTH DATA ELEMENTS

  • fixed length control field: 251111|| aca||aabn | a|a d

040 ## - CATALOGING SOURCE

  • Original cataloging agency: NUST
  • Transcribing agency: NUST

100 ## - HEADING--PERSONAL NAME

  • Personal name: Supervised by Dr.M. Nauman Jafri

670 ## - SOURCE DATA FOUND

  • Source citation: Work cat.: (NUST)188624: Gafoor, NC Fasisal (TCC-10) 131818, Implementation of convolutional encoding and Viterbi decoding /, MCS (NUST)
© 2023 Central Library, National University of Sciences and Technology. All Rights Reserved.